000
00311nam a2200121 a 4500
005
20140414093833.0
008
970109s19uu xx 00 eng d
050
_a
VHS 200
_b
OR 20 V. 2
245
_a
Saints for Kids /
_c
Nicholas, Stephen, Anne & Joachim.
440
_a
Vol. 2
942
_c
AVM
999
_c
108865
_d
108865